<?xml version="1.0" encoding="UTF-8"?>
<collection xmlns="http://www.loc.gov/MARC21/slim">
<record>
  <controlfield tag="001">1221</controlfield>
  <datafield tag="088" ind1=" " ind2=" ">
    <subfield code="a">WY0175</subfield>
  </datafield>
  <datafield tag="980" ind1=" " ind2=" ">
    <subfield code="a">59476936857</subfield>
  </datafield>
  <datafield tag="520" ind1=" " ind2=" ">
    <subfield code="a">Capt. Walsh's house. 235 L Street, Benicia, California. Known as The Paul Wetmar House when this photo was taken,  From the Charles Loring Collection. House if twin of the Vallejo home at Sonoma, California.</subfield>
  </datafield>
  <datafield tag="960" ind1=" " ind2=" ">
    <subfield code="a">wy</subfield>
  </datafield>
</record>
</collection>